| 000 | 00550nam a22001577a 4500 | ||
|---|---|---|---|
| 003 | NUST | ||
| 038 | _aNusrat Nadeem | ||
| 082 | _a200 | ||
| 100 |
_aHaleema Sadia, _948535 |
||
| 245 |
_aNumerical and Series Solutions for Rotating Disk-Induced Flows Using Viscoeplastic and Viscoplastic Fluids/ _cSadia, Haleema |
||
| 264 |
_aIslamabad: _bSNS NUST _c2025. |
||
| 650 |
_aPhD-Mathematics _9123169 |
||
| 700 |
_aSupervisor: Professor Meraj Mustafa Hashmi _9128188 |
||
| 856 | _uhttp://10.250.8.41:8080/xmlui/handle/123456789/57384 | ||
| 942 |
_2ddc _cSC |
||
| 999 |
_c616374 _d616374 |
||